000 00684nam a22001937a 4500
005 20100730135739.0
010 _aENG-97425
020 _a9788190556941
_c295.00
035 _aEN-80958
037 _bDBAD/PUB
082 _a808.6
100 _aSrivastava, Chander Mohan
_95517
245 _aLetters at a glance /
_cby Chander Mohan Srivastava
260 _aNew Delhi
_bKanchan Publishing House
_c2010
270 _aWZ-25/45, Ravi Nagar,
_bNew Delhi
_e110018
300 _a176p.
_c25cm (Hb)
942 _2ddc
_cEN
_h808.6
_mSRI
999 _c38251
_d38251